[Event "Challenge"]
[Site "http://www.queenalice.com/game.php?id=134649"]
[Date "2006.11.29"]
[Round "-"]
[White "Omerpus"]
[Black "savage4731"]
[Result "0-1"]
[WhiteElo "1358"]
[BlackElo "1593"]

1. e4 e5 2. d3 d5 3. Nc3 d4 4. Nd5 Nf6 5. g3 Nxd5 6. exd5 Qxd5 7. f3 Bc5 8. c4
dxc3 9. bxc3 O-O 10. c4 Qd4 11. Rb1 Qf2# 0-1

[Event "AUTO-INT-294"]
[Site "http://www.queenalice.com/game.php?id=147555"]
[Date "2006.12.29"]
[Round "1"]
[White "velkan_cu"]
[Black "Omerpus"]
[Result "1-0"]
[WhiteElo "1727"]
[BlackElo "1400"]

1. e4 e5 2. Nf3 d6 3. Bc4 Be6 4. Bxe6 fxe6 5. d4 exd4 6. Bg5 Kd7 7. Bxd8 Be7 8.
Bxe7 Kxe7 9. Nxd4 e5 10. Nf5+ Kf6 11. Nc3 Nh6 12. Nd5+ Ke6 13. Nxg7+ Kf7 14.
Qh5+ Kxg7 15. Qg5+ Kf8 16. Qe7+ Kg8 17. Nf6# 1-0

[Event "AUTO-INT-294"]
[Site "http://www.queenalice.com/game.php?id=147556"]
[Date "2006.12.29"]
[Round "1"]
[White "Omerpus"]
[Black "velkan_cu"]
[Result "0-1"]
[WhiteElo "1404"]
[BlackElo "1701"]

1. e4 e5 2. d3 Bc5 3. Be3 Bxe3 4. fxe3 d6 5. d4 Nf6 6. Nc3 Bg4 7. Be2 Bxe2 8.
Ncxe2 O-O 9. dxe5 Nxe4 10. Qd5 Qh4+ 11. g3 Qg4 12. h3 Qg6 13. Nf4 Qxg3+ 14. Ke2
Qf2+ 15. Kd1 Qf1# 0-1

[Event "AUTO-INT-294"]
[Site "http://www.queenalice.com/game.php?id=147569"]
[Date "2006.12.29"]
[Round "1"]
[White "Gohan"]
[Black "Omerpus"]
[Result "1-0"]
[WhiteElo "1444"]
[BlackElo "1394"]

1. d4 d5 2. Nc3 Nf6 3. Nf3 g6 4. Ne5 Qd6 5. e4 e6 6. Nb5 Qb4+ 7. Nc3 dxe4 8.
Bb5+ Bd7 9. Bxd7+ Ke7 10. a3 Qd6 11. Nb5 Qb6 12. Bg5 h6 13. Bf4 g5 14. Bg3 Nbxd7
15. c4 c6 16. c5 Qxb5 17. Qc2 a6 18. O-O-O Nd5 19. Qxe4 Nxe5 20. Qxe5 Rg8 21.
Rhe1 Qc4+ 22. Kb1 f6 23. Qxe6+ Kd8 24. Qe8# 1-0

[Event "AUTO-INT-294"]
[Site "http://www.queenalice.com/game.php?id=147570"]
[Date "2006.12.29"]
[Round "1"]
[White "Omerpus"]
[Black "Gohan"]
[Result "1-0"]
[WhiteElo "1363"]
[BlackElo "1458"]

1. e4 d5 2. exd5 Qxd5 3. Qf3 Qe6+ 4. Qe2 Nf6 5. g3 Qe4 6. Qxe4 Nxe4 7. d3 Nc5 8.
d4 Ne4 9. Bg2 Nc6 10. d5 Nd4 11. Be3 e5 12. c3 Nc2+ 13. Kd1 Nxa1 14. Bxe4 Bg4+
15. f3 f5 16. Bd3 O-O-O 17. fxg4 e4 18. Bc4 fxg4 19. Nd2 Re8 20. Ne2 Re5 21. Bf4
Rf5 22. Nxe4 g5 23. Bxg5 Re5 24. Bd3 1-0

[Event "AUTO-INT-294"]
[Site "http://www.queenalice.com/game.php?id=147577"]
[Date "2006.12.29"]
[Round "1"]
[White "Andy"]
[Black "Omerpus"]
[Result "1-0"]
[WhiteElo "1432"]
[BlackElo "1395"]

1. e4 e5 2. Nf3 Nc6 3. Bc4 Nf6 4. d3 Nd4 5. c3 Nxf3+ 6. Qxf3 g6 7. Bg5 Bg7 8.
Bxf6 Bxf6 9. d4 exd4 10. cxd4 Bxd4 11. Qxf7# 1-0

[Event "AUTO-INT-294"]
[Site "http://www.queenalice.com/game.php?id=147578"]
[Date "2006.12.29"]
[Round "1"]
[White "Omerpus"]
[Black "Andy"]
[Result "0-1"]
[WhiteElo "1395"]
[BlackElo "1475"]

1. e4 e5 2. d3 Nc6 3. Nc3 Bc5 4. Be3 Bxe3 5. fxe3 d6 6. d4 a6 7. g3 Nf6 8. dxe5
dxe5 9. Nd5 O-O 10. Nxf6+ Qxf6 11. Nf3 Rd8 12. Qe2 Bg4 13. Bg2 b5 14. b3 b4 15.
Qf1 a5 16. Rd1 Rxd1+ 17. Kxd1 Rd8+ 18. Kc1 h6 19. Qf2 g5 20. h4 gxh4 21. gxh4
Qg6 22. Nd2 f6 23. Bh3 Bxh3 24. Rxh3 Qf7 25. Rg3+ Kf8 26. h5 a4 27. Rg6 axb3 28.
Nxb3 Qd7 29. Qxf6+ Qf7 30. Rxh6 Qxf6 31. Rxf6+ Ke7 32. Rg6 Kd7 33. Nc5+ Kc8 34.
h6 Na7 35. h7 c6 36. Rh6 Rh8 37. Nd3 Kd8 38. Nxe5 Ke8 39. Re6+ Kf8 40. Ng6+ Kg7
41. Nf4 Rxh7 42. Ng6 c5 43. Ne7 c4 44. Nf5+ Kf7 45. Ra6 Nb5 46. e5 c3 47. e6+
Ke8 48. e4 Rh1# 0-1

[Event "Challenge"]
[Site "http://www.queenalice.com/game.php?id=181480"]
[Date "2007.3.14"]
[Round "-"]
[White "farofa38"]
[Black "Omerpus"]
[Result "1-0"]
[WhiteElo "1540"]
[BlackElo "1380"]

1. g4 d5 2. h3 e5 3. d4 Nc6 4. Nf3 e4 5. Nh2 Nh6 6. a4 g6 7. Nc3 Bg7 8. Be3 O-O
9. f3 Qe7 10. fxe4 Be6 11. exd5 Bxd5 12. Nxd5 Qe6 13. Nxc7 1-0

[Event "AUTO-INT-214"]
[Site "http://www.queenalice.com/game.php?id=201927"]
[Date "2007.4.24"]
[Round "2"]
[White "Omerpus"]
[Black "mauricio_sm"]
[Result "0-1"]
[WhiteElo "1433"]
[BlackElo "1722"]

1. e4 e5 2. d3 Nf6 3. Nh3 d6 4. g3 Nc6 5. Bg2 g6 6. O-O Bg7 7. c3 O-O 8. b4 a6
9. a3 Be6 10. Ng5 Qd7 11. Qa4 b5 12. Qc2 h6 13. Nf3 Bh3 14. Bxh3 Qxh3 15. a4 Ne7
16. Na3 Rab8 17. c4 bxc4 18. Qxc4 Rfe8 19. Qxa6 d5 20. exd5 Nexd5 21. b5 Qh5 22.
Nd2 e4 23. dxe4 Ng4 24. exd5 Qxh2# 0-1

[Event "AUTO-INT-214"]
[Site "http://www.queenalice.com/game.php?id=201928"]
[Date "2007.4.24"]
[Round "2"]
[White "mauricio_sm"]
[Black "Omerpus"]
[Result "1-0"]
[WhiteElo "1671"]
[BlackElo "1448"]

1. e4 e5 2. Nf3 d6 3. Nc3 f6 4. d3 Nh6 5. Bxh6 gxh6 6. g3 c5 7. Nd5 b6 8. Bg2
Nc6 9. a3 Bb7 10. O-O Bg7 11. Re1 a5 12. Qd2 Qd7 13. Nxb6 Qd8 14. Nxa8 Qxa8 15.
c3 Ne7 16. b4 Bc6 17. d4 Rf8 18. dxc5 h5 19. cxd6 Nc8 20. Bh3 Bxe4 21. d7+ Ke7
22. dxc8=Q 1-0

[Event "AUTO-INT-214"]
[Site "http://www.queenalice.com/game.php?id=201929"]
[Date "2007.4.24"]
[Round "2"]
[White "Omerpus"]
[Black "franzjonas"]
[Result "1-0"]
[WhiteElo "1423"]
[BlackElo "1350"]

1. e4 e5 2. d3 Bb4+ 3. c3 Bc5 4. d4 Bd6 5. g3 f5 6. exf5 Nf6 7. Nh3 h6 8. Qe2
Nc6 9. Bg2 e4 10. Bf4 Bxf4 11. Nd2 Bd6 12. O-O Ne7 13. b4 Nxf5 14. a4 b6 15.
Nxe4 1-0

[Event "AUTO-INT-214"]
[Site "http://www.queenalice.com/game.php?id=201930"]
[Date "2007.4.24"]
[Round "2"]
[White "franzjonas"]
[Black "Omerpus"]
[Result "0-1"]
[WhiteElo "1337"]
[BlackElo "1436"]

1. e4 e5 2. c3 d6 3. d4 g6 4. Be3 Bg7 5. Nf3 Nh6 6. Bc4 O-O 7. Nbd2 Qe7 8. Ng5
c6 9. Ndf3 b5 10. Bb3 Be6 11. d5 cxd5 12. Nxe6 fxe6 13. exd5 exd5 14. Bxd5+ Nf7
15. Bxa8 Na6 0-1

[Event "AUTO-INT-546"]
[Site "http://www.queenalice.com/game.php?id=244544"]
[Date "2007.7.24"]
[Round "1"]
[White "Omerpus"]
[Black "Kaka"]
[Result "0-1"]
[WhiteElo "1382"]
[BlackElo "1503"]

1. e4 d5 2. d3 e5 3. Nc3 d4 4. Nd5 c6 5. Nb4 Bxb4+ 6. Bd2 Qe7 7. a3 Ba5 8. b4
Bb6 9. g3 h5 10. Be2 Nf6 11. Nf3 h4 12. Nxh4 Ng4 13. h3 Nxf2 14. Kxf2 Qf6+ 15.
Ke1 c5 16. Bg4 Nc6 17. Qe2 g5 18. Nf5 Bxf5 19. exf5 O-O-O 20. h4 gxh4 21. Qg2
Rh7 22. b5 Ne7 23. a4 a5 24. Qf2 Rdh8 25. c3 c4 26. dxc4 hxg3 0-1

[Event "AUTO-INT-546"]
[Site "http://www.queenalice.com/game.php?id=244557"]
[Date "2007.7.24"]
[Round "1"]
[White "ManofBlack"]
[Black "Omerpus"]
[Result "1-0"]
[WhiteElo "1575"]
[BlackElo "1429"]

1. d4 d6 2. e4 e5 3. dxe5 dxe5 4. Bb5+ Bd7 5. Nc3 Qf6 6. Nd5 Qd6 7. Qd3 f6 8.
Ne2 c6 9. Bc4 cxd5 10. Bxd5 g5 11. Bxb7 Qxd3 12. cxd3 Bc6 13. Bc8 Nd7 14. Bxd7+
Bxd7 15. h4 h6 16. a3 1-0

[Event "AUTO-INT-546"]
[Site "http://www.queenalice.com/game.php?id=244558"]
[Date "2007.7.24"]
[Round "1"]
[White "Omerpus"]
[Black "ManofBlack"]
[Result "0-1"]
[WhiteElo "1392"]
[BlackElo "1538"]

1. e4 c6 2. d3 Nf6 3. Nc3 d5 4. Qf3 Bg4 5. Qg3 e6 6. Be2 h5 7. Bf4 Na6 8. e5 Nd7
9. Nf3 Nac5 10. d4 Ne4 11. O-O-O Qb6 12. Rd3 Ba3 13. bxa3 Qa5 14. Kb2 Qb6+ 15.
Kc1 Nxg3 16. hxg3 Qa6 17. Rd2 Qxa3+ 0-1

[Event "AUTO-INT-546"]
[Site "http://www.queenalice.com/game.php?id=244568"]
[Date "2007.7.24"]
[Round "1"]
[White "CampbellMarcel"]
[Black "Omerpus"]
[Result "1-0"]
[WhiteElo "1821"]
[BlackElo "1366"]

1. d4 d6 2. Bf4 Nf6 3. f3 Nc6 4. c3 e5 5. dxe5 dxe5 6. Bg3 Be6 7. e4 Bd6 8. Bb5
Qd7 9. Ne2 a6 10. Ba4 b5 11. Bc2 b4 12. Ba4 Bc5 13. Bxc6 Qxc6 14. Bxe5 O-O 15.
Bxf6 gxf6 16. Nf4 bxc3 17. Nxc3 Qb6 18. Nfd5 1-0

[Event "Challenge"]
[Site "http://www.queenalice.com/game.php?id=246610"]
[Date "2007.7.27"]
[Round "-"]
[White "Omerpus"]
[Black "nandocassapava"]
[Result "0-1"]
[WhiteElo "1371"]
[BlackElo "1637"]

1. e4 e6 2. Nc3 b6 3. d4 Bb7 4. Nf3 Be7 5. Bd3 Nf6 6. Be3 Nc6 7. g3 O-O 8. Bb5
a6 9. Bxc6 Bxc6 10. O-O Ng4 11. d5 Nxe3 12. fxe3 exd5 13. exd5 Bb7 14. e4 d6 15.
Qd3 Qd7 16. a4 f5 17. Rae1 Rae8 18. Nh4 Bxh4 19. gxh4 Qd8 20. exf5 Qxh4 21. Re4
Qg5+ 22. Qg3 Qxg3+ 23. Kh1 Qh3 24. Re2 Qxf1# 0-1

[Event "Challenge"]
[Site "http://www.queenalice.com/game.php?id=252080"]
[Date "2007.8.7"]
[Round "-"]
[White "green_top_husk"]
[Black "Omerpus"]
[Result "1-0"]
[WhiteElo "1116"]
[BlackElo "1382"]

1. Na3 Nf6 2. g3 d5 3. Bg2 Nc6 4. Nb5 a6 5. Nc3 b5 6. d4 e5 7. dxe5 Nxe5 8. Nxd5
Qxd5 9. Bg5 Qxd1+ 10. Rxd1 Be7 11. Bxa8 h6 12. Bf4 O-O 13. Bxe5 1-0

[Event "Challenge"]
[Site "http://www.queenalice.com/game.php?id=272189"]
[Date "2007.9.15"]
[Round "-"]
[White "TomBishop"]
[Black "Omerpus"]
[Result "1-0"]
[WhiteElo "1469"]
[BlackElo "1364"]

1. e4 e5 2. Nf3 d6 3. d4 Qe7 4. Nc3 Nf6 5. Bg5 h6 6. Bd2 Be6 7. d5 Bg4 8. Be2
Na6 9. O-O c6 10. Bxa6 bxa6 11. dxc6 Rb8 12. b3 Qe6 13. h3 Bxf3 14. Qxf3 d5 15.
exd5 Qd6 16. Qe2 1-0